000 00300nam a22001337a 4500
008 170529b xxu||||| |||| 00| 0 eng d
020 _a1111342881
041 _aeng
080 _210TH
_a94(7/8)
100 _a16
101 _aSHH
245 _aAMERICAN PUBLIC POLICY
_cCOCHRAN,C.E
942 _2udc
_cBK
999 _c14975
_d14975